Linguistics and foreign language teaching

Kaydedildi:
Detaylı Bibliyografya
Yazar: Girard, Denis
Materyal Türü: Kitap
Dil:Undetermined
Baskı/Yayın Bilgisi: Londres, Inglaterra Longman 1972
Konular:
Etiketler: Etiketle
Etiket eklenmemiş, İlk siz ekleyin!

MARC

LEADER 00000nam a2200000Ia 4500
008 170316s9999 xx 000 0 und d
090 |a 410 G-10L 
100 |a Girard, Denis 
245 |a Linguistics and foreign language teaching 
260 |a Londres, Inglaterra 
260 |b Longman 
260 |c 1972 
300 |a 176 páginas 
650 |a LINGÜÍSTICA 
999 |c 18385  |d 18385 
040 |a cru BVZT 
942 |c 15 D  |h 410 G-10L  |2 z